Stockholms Pendeltåg - Statistics

General Stats
  • This quiz has been taken 536 times
    190 since last reset
  • The average score is 34 of 54
Answer Stats
Svar/Stationer % Correct
Stockholm City
92%
Solna
86%
Stockholm Södra
85%
Märsta
82%
Årstaberg
81%
Älvsjö
80%
Stockholm Odenplan
80%
Sundbyberg
79%
Nynäshamn
78%
Södertälje C
78%
Bålsta
77%
Huddinge
77%
Sollentuna
76%
Kungsängen
75%
Upplands Väsby
73%
Bro
72%
Flemingsberg
71%
Farsta strand
70%
Knivsta
70%
Uppsala C
70%
Tumba
69%
Jakobsberg
68%
Barkarby
66%
Västerhaninge
66%
Handen
65%
Södertälje hamn
65%
Stuvsta
65%
Arlanda C
64%
Helenelund
64%
Södertälje Syd
64%
Jordbro
62%
Gnesta
61%
Spånga
61%
Tullinge
61%
Rotebro
60%
Häggvik
58%
Östertälje
57%
Vega
57%
Kallhäll
56%
Ösmo
56%
Ulriksdal
56%
Rönninge
52%
Skogås
52%
Trångsund
52%
Rosersberg
50%
Krigslida
48%
Norrviken
48%
Järna
47%
Tungelsta
44%
Nynäsgård
42%
Segersäng
39%
Gröndalsviken
36%
Hemfosa
36%
Mölnbo
34%
No matching quizzes found
Score Distribution
Percent of People with Each Score
Percentile by Number Answered
Your Score History
You have not taken this quiz since the last reset